000 00351pab a2200145 454500
008 180718b1985 xxu||||| |||| 00| 0 eng d
100 _aDhawan, B.D.
245 _aIrrigation impact on farm economy
260 _c1985
300 _aA-124-8
362 _a28 Sept.
650 _aIrrigation
773 _aEconomic and Political Weekly
909 _a11362
999 _c11362
_d11362